Monet or Manet? Quiz Stats

 Plays Quiz Updated Jul 27, 2015

Also try: Van Gogh or No?
Challenge
Share
Tweet
Score 0/20 Timer 06:00
0 Plays Today
% Correct
Claude Monet - Bridge over a Pond of Water Lilies
95%
Édouard Manet - Olympia
86.3%
Claude Monet - Wheatstacks (End of Summer)
85.7%
Claude Monet - Impression, Soleil Levant
84.1%
Édouard Manet - The Races at Longchamp
83%
Claude Monet - Bordighera, Italy
82.6%
Édouard Manet - Haus in Rueil
82.1%
Claude Monet - Rock Arch West of Etretat (The Manneport)
81.3%
Claude Monet - Bathing at la Grenouillere
79.6%
Claude Monet - Houses of Parliament, London
78.2%
% Correct
Édouard Manet - Music in the Tuileries
78.2%
Édouard Manet - A Bar at the Folies-Bergère
73.5%
Édouard Manet
69%
Édouard Manet - Battle of the Kearsarge and the Alabama
65.5%
Claude Monet - Saint-Lazare Station
55.9%
Claude Monet - Women in the Garden
55.7%
Claude Monet - The Beach at Trouville
52.5%
Claude Monet - Garden at Sainte-Adresse
49.1%
Édouard Manet - The Lemon
42.6%
Claude Monet - Pheasant
12.8%

You're not logged in!

Compare scores with friends on all Sporcle quizzes.
Join for Free
OR
Log In

You Might Also Like...

Show Comments

Extras

Top Quizzes Today


Score Distribution

Your Account Isn't Verified!

In order to create a playlist on Sporcle, you need to verify the email address you used during registration. Go to your Sporcle Settings to finish the process.

Report this User

Report this user for behavior that violates our Community Guidelines.

Details: